000 00756cam a2200241 a 4500
001 000008659
005 20200929161359.0
008 830712s1985 nq 000 j spa d
040 _aDO-SdBNP
_bspa
_cLC
_dBNPHU
082 _aN863.44
_bC512m, 1985
100 1 _aChávez Alfaro, Lizandro,
_d1929-
_922451
245 1 4 _aLos monos de San Telmo /
_cLizandro Chávez Alfaro.
250 _a6a ed.
260 _aManagua, Nicaragua :
_bNueva Nicaragua,
_c1985.
300 _a177 p. ;
_c19 cm.
490 1 _aBiblioteca popular sandinista
_v13
650 4 _aCuentos nicaragüenses
_99879
650 4 _aLiteratura nicaragüense
_98122
830 0 _aBiblioteca popular sandinista ;
_v13
_914389
910 _aCatalogación derivada
910 _aWM
049 _aBNGR
999 _c8429
_d8429